|
|
|
|
| LEADER |
00000nam a2200000 a 4500 |
| 001 |
vtls009310437 |
| 003 |
SK-MaSNL |
| 005 |
20260301081719.0 |
| 008 |
240315 000 0 eng |
| 040 |
|
|
|a SNK
|b slo
|c SNK
|e AACR2
|
| 041 |
0 |
|
|a eng
|
| 100 |
1 |
|
|a Göllner, Emil,
|d 1918-1987
|4 aut
|9 40192
|
| 245 |
1 |
|
|a Zlomená pýcha
|b Dráma v 6 obrazoch
|c Emil Göllner
|
| 250 |
|
|
|a Tretie prepracované vydanie
|
| 260 |
|
|
|a Bratislava
|b Diliza
|c 1960
|
| 300 |
|
|
|a 74 s. [5]
|
| 999 |
|
|
|c 656607
|d 658537
|
| 952 |
|
|
|a SNK
|b SNK
|y PREZ
|7 0
|p 17A0819258
|o snkSB 12200
|0 0
|1 0
|4 0
|d 2012-07-26
|f 1
|l 0
|r 2025-03-05 00:00:00
|w 2026-02-23
|
| 952 |
|
|
|a SNK
|b SNK
|y VYP
|7 0
|p 17A0588172
|o snkSB 12200 D1
|i snkK 1734/66
|8 3
|3 rekatalogizácia
|0 0
|1 0
|4 0
|d 2008-07-09
|l 0
|r 2026-02-23 18:40:32
|w 2026-02-23
|